<?xml version="1.0" encoding="UTF-8"?>
<record
    xmlns:xsi="http://www.w3.org/2001/XMLSchema-instance"
    xsi:schemaLocation="http://www.loc.gov/MARC21/slim http://www.loc.gov/standards/marcxml/schema/MARC21slim.xsd"
    xmlns="http://www.loc.gov/MARC21/slim">

  <leader>00888cam a2200289 i 4500</leader>
  <controlfield tag="001">2312173</controlfield>
  <controlfield tag="003">YEEZEN</controlfield>
  <controlfield tag="005">20241230153719.0</controlfield>
  <controlfield tag="008">230801s2023    ch  a  g      000 0 chi d</controlfield>
  <datafield tag="020" ind1=" " ind2=" ">
    <subfield code="a">9786263104501</subfield>
    <subfield code="q">(&#x5E73;&#x88DD;) :</subfield>
    <subfield code="c">NT$380</subfield>
  </datafield>
  <datafield tag="040" ind1=" " ind2=" ">
    <subfield code="a">NDHU</subfield>
    <subfield code="b">chi</subfield>
    <subfield code="c">NDHU</subfield>
    <subfield code="d">NDHU</subfield>
    <subfield code="e">ccr</subfield>
  </datafield>
  <datafield tag="042" ind1=" " ind2=" ">
    <subfield code="a">nbic</subfield>
  </datafield>
  <datafield tag="066" ind1=" " ind2=" ">
    <subfield code="c">$1</subfield>
  </datafield>
  <datafield tag="084" ind1=" " ind2=" ">
    <subfield code="a">580.3</subfield>
    <subfield code="2">ncsclt</subfield>
  </datafield>
  <datafield tag="090" ind1=" " ind2=" ">
    <subfield code="a">580.3</subfield>
  </datafield>
  <datafield tag="100" ind1="1" ind2=" ">
    <subfield code="a">&#x5F35;&#x745C;&#x9CF3;</subfield>
    <subfield code="e">&#x8457;</subfield>
  </datafield>
  <datafield tag="245" ind1="1" ind2="0">
    <subfield code="a">&#x7AE0;&#x9B5A;&#x6CD5;&#x5B98;&#x7684;&#x5BB6;&#x5EAD;&#x6CD5;&#x5B78;&#x8AB2; :</subfield>
    <subfield code="b">&#x6CD5;&#x5B98;&#x5ABD;&#x5ABD; + &#x5F8B;&#x5E2B;&#x7238;&#x7238; + &#x641E;&#x7B11;&#x5152;&#x5973;&#x7684;&#x300C;&#x6CD5;&#x5F8B;&#x5BB6;&#x5EAD;&#x751F;&#x6D3B;&#x5E7D;&#x9ED8;&#x5287;&#x300D; /</subfield>
    <subfield code="c">&#x5F35;&#x745C;&#x9CF3;&#x8457;</subfield>
  </datafield>
  <datafield tag="246" ind1="1" ind2=" ">
    <subfield code="a">&#x6CD5;&#x5B98;&#x5ABD;&#x5ABD;&#x5F8B;&#x5E2B;&#x7238;&#x7238;&#x641E;&#x7B11;&#x5152;&#x5973;&#x7684;&#x6CD5;&#x5F8B;&#x5BB6;&#x5EAD;&#x751F;&#x6D3B;&#x5E7D;&#x9ED8;&#x5287;</subfield>
  </datafield>
  <datafield tag="250" ind1=" " ind2=" ">
    <subfield code="a">&#x521D;&#x7248;</subfield>
  </datafield>
  <datafield tag="260" ind1=" " ind2=" ">
    <subfield code="a">&#x81FA;&#x5317;&#x5E02; :</subfield>
    <subfield code="b">&#x9EA5;&#x7530;, </subfield>
    <subfield code="c">2023.6</subfield>
  </datafield>
  <datafield tag="300" ind1=" " ind2=" ">
    <subfield code="a">291&#x9762; :</subfield>
    <subfield code="b">&#x5716; ;</subfield>
    <subfield code="c">21&#x516C;&#x5206;</subfield>
  </datafield>
  <datafield tag="490" ind1="1" ind2=" ">
    <subfield code="a">&#x4EBA;&#x6587; ;</subfield>
    <subfield code="v">31.</subfield>
  </datafield>
  <datafield tag="650" ind1=" " ind2="7">
    <subfield code="a">&#x6CD5;&#x5F8B;&#x6559;&#x80B2;</subfield>
    <subfield code="2">csht.</subfield>
  </datafield>
  <datafield tag="650" ind1=" " ind2="7">
    <subfield code="a">&#x6CD5;&#x5B78;&#x7D20;&#x990A;</subfield>
    <subfield code="2">lcstt.</subfield>
  </datafield>
  <datafield tag="830" ind1=" " ind2="0">
    <subfield code="a">&#x4EBA;&#x6587; ;</subfield>
    <subfield code="v">31.</subfield>
  </datafield>
  <datafield tag="942" ind1=" " ind2=" ">
    <subfield code="2">ccl</subfield>
    <subfield code="c">BOOK</subfield>
  </datafield>
  <datafield tag="999" ind1=" " ind2=" ">
    <subfield code="c">7629</subfield>
    <subfield code="d">7629</subfield>
  </datafield>
  <datafield tag="952" ind1=" " ind2=" ">
    <subfield code="0">0</subfield>
    <subfield code="1">0</subfield>
    <subfield code="2">ccl</subfield>
    <subfield code="4">0</subfield>
    <subfield code="7">0</subfield>
    <subfield code="a">yeezen</subfield>
    <subfield code="b">yeezen</subfield>
    <subfield code="c">YEEZEN</subfield>
    <subfield code="d">2024-12-30</subfield>
    <subfield code="l">7</subfield>
    <subfield code="m">3</subfield>
    <subfield code="o">580.3</subfield>
    <subfield code="p">C03213</subfield>
    <subfield code="r">2025-07-31 00:00:00</subfield>
    <subfield code="s">2025-07-03</subfield>
    <subfield code="w">2024-12-30</subfield>
    <subfield code="y">BOOK</subfield>
    <subfield code="z">&#x89AA;&#x5B50;&#x4EA4;&#x6D41;&#x3001;&#x666E;&#x7F85;&#x6CD5;&#x6CBB;&#x6559;&#x80B2; &#x6700;&#x4F73;&#x8B80;&#x672C; &#x6CD5;&#x5B98;&#x5ABD;&#x5ABD;&#x3001;&#x5F8B;&#x5E2B;&#x7238;&#x7238;&#x3001;&#x4E00;&#x5C0D;&#x525B;&#x4E0A;&#x5927;&#x5B78;&#x7684;&#x5152;&#x5973;,&#x6BCF;&#x65E5;&#x4E0A;&#x6620;&#x7684;&#x300C;&#x6CD5;&#x5F8B;&#x5BB6;&#x5EAD;&#x5E7D;&#x9ED8;&#x5287;&#x300D;,&#x6700;&#x63A5;&#x5730;&#x6C23;&#x7684;&#x975E;&#x5178;&#x578B;&#x8CC7;&#x6DF1;&#x5973;&#x6CD5;&#x5B98;&#x2014;&#x2014;&#x5F35;&#x745C;&#x9CEF;,&#x7D50;&#x5408;&#x8DA3;&#x5473;&#x5BB6;&#x5EAD;&#x5287;&#x3001;&#x6CD5;&#x5F8B;&#x5165;&#x9580;&#x5E38;&#x8B58;,&#x5BEB;&#x7D66;&#x4E00;&#x822C;&#x4EBA;&#x90FD;&#x80FD;&#x770B;&#x5F97;&#x61C2;&#x7684;&#x570B;&#x6C11;&#x751F;&#x6D3B;&#x6CD5;&#x5F8B;&#x8B80;&#x672C;&#x3002;</subfield>
  </datafield>
</record>
